000 00415nam a22001697a 4500
003 MACL
005 20151226150915.0
008 151226b xxu||||| |||| 00| 0 eng d
040 _cMACL
041 _aEnglish
082 _a320/MEH
100 _aMehndiratta,Vaibhav
_922793
245 _aFrom Failure to Success
260 _aPanchkula
_bHoliday Book Store
_c2009
650 _aEconomics
_922905
942 _2ddc
_cBK
999 _c51961
_d51961